Statistics for Atlanta Hawks Playoffs Starters

Click here to take the quiz!

General Stats

  • This quiz has been taken 240 times
    (127 since last reset)
  • The average score is 22 of 88

Answer Stats

Player% Correct
Trae Young
100%
Clint Capela
90%
John Collins
84%
Dominique Wilkins
83%
Jason Collins
81%
Al Horford
80%
De'Andre Hunter
78%
Dejounte Murray
78%
Lenny Wilkens
78%
Paul Millsap
77%
Bob Pettit
74%
Kyle Korver
74%
Kevin Huerter
70%
Joe Johnson
68%
Bogdan Bogdanović
67%
Eddie Johnson
65%
Jeff Teague
65%
Josh Smith
64%
Steve Smith
62%
Dikembe Mutombo
45%
Dennis Schröder
43%
Dwight Howard
43%
Doc Rivers
39%
Marvin Williams
39%
DeMarre Carroll
35%
Pete Maravich
35%
Danilo Gallinari
32%
Lou Hudson
32%
Tree Rollins
32%
Spud Webb
28%
Kevin Willis
25%
Mookie Blaylock
22%
Cliff Hagan
20%
Kent Bazemore
20%
Taurean Prince
20%
Si Green
16%
Chris Crawford
14%
Mike Bibby
14%
Johnny Davis
13%
Slater Martin
13%
Walt Bellamy
13%
Bill Bridges
10%
Dan Roundfield
10%
Ed Macauley
10%
John Drew
10%
Jon Koncak
10%
Moses Malone
10%
Stacey Augmon
10%
Zelmo Beaty
10%
Christian Laettner
9%
Clyde Lovellette
9%
Richie Guerin
7%
Alan Henderson
6%
Tim Hardaway
6%
Danny Manning
4%
Devin Harris
4%
Kirk Hinrich
4%
Pero Antić
4%
Randy Wittman
4%
Dike Eddleman
3%
Jim Washington
3%
Joe Caldwell
3%
Reggie Theus
3%
Rory Sparrow
3%
Tom McMillen
3%
Walt Hazzard
3%
Andrew Lang
1%
Armond Hill
1%
Bob Harrison
1%
Chuck Share
1%
Grant Long
1%
Herm Gilliam
1%
Jack Coleman
1%
Jack McMahon
1%
Tyrone Corbin
1%
Al Ferrari
0%
Bill Henry
0%
Charlie Criss
0%
Chico Vaughn
0%
Gene Vance
0%
Jack Nichols
0%
Johan Petro
0%
Johnny McCarthy
0%
Maurice Evans
0%
Mike Todorovich
0%
Rudy Macklin
0%
Steve Hawes
0%
Steve Hawes
0%

Score Distribution

Percentile by Number Answered

Percent of People with Each Score

Your Score History

You have not taken this quiz since the last reset